Aké nové skutočnosti brať do úvahy pri podávaní daňového priznania k dani z príjmov právnických osôb za rok 1997?

Vypracovanie daňového priznania dane z príjmov právnických osôb v súlade s novelizáciou zákona o dani z príjmov. Príklad na daňové priznanie k dani z príjmov právnických osôb za rok 1997.

Guardado en:
Detalles Bibliográficos
Autor principal: Borodovčák, Michal
Formato: Capítulo de libro
Lenguaje:eslovaco
Materias:
Etiquetas: Agregar Etiqueta
Sin Etiquetas, Sea el primero en etiquetar este registro!

MARC

LEADER 00000naa a2200000 4500
001 r032298
005 20230929092518.1
041 0 |a slo 
044 |a SK 
245 1 0 |a Aké nové skutočnosti brať do úvahy pri podávaní daňového priznania k dani z príjmov právnických osôb za rok 1997?  |c Michal Borodovčák 
520 |a Vypracovanie daňového priznania dane z príjmov právnických osôb v súlade s novelizáciou zákona o dani z príjmov. Príklad na daňové priznanie k dani z príjmov právnických osôb za rok 1997. 
610 2 0 |a priznania daňové 
610 2 0 |a dane z príjmov 
610 2 0 |a osoby právnické 
610 2 0 |a Slovensko 
610 2 0 |a zákony 
610 2 0 |a opatrenia 
610 2 0 |a účty 
610 2 0 |a účtovanie 
610 2 0 |a účtovníctvo podvojné 
610 2 0 |a metodika 
100 1 |a Borodovčák, Michal